Dirección y administración estratégicas: conceptos, casos y lecturas

Guardat en:
Dades bibliogràfiques
Autors principals: Thompson, Arthur A (Autor), Strickland, A. J (Autor)
Format: Llibre
Idioma:espanyol
Publicat: Wilmington Addison-Wesley Iberoamericana 1994
Matèries:
Etiquetes: Afegir etiqueta
Sense etiquetes, Sigues el primer a etiquetar aquest registre!

MARC

LEADER 00000nam a2200000 a 4500
001 UCY5228
003 CL-VaPUC
008 950419e19940000US |||||||||||||||||spa|d
082 0 4 |a 658.4012  |b THO  |2 21 
100 0 |a Thompson, Arthur A  |e author  |9 333894 
700 0 |a Strickland, A. J  |e author  |9 333895 
245 1 0 |a Dirección y administración estratégicas: conceptos, casos y lecturas 
300 |a 1034 p 
942 |c BK 
945 |d 19950419 00:00:00  |a mfernand 
260 |a Wilmington  |b Addison-Wesley Iberoamericana  |c 1994 
650 0 |a Planificación estratégica   |9 259735 
650 0 |a Administración de empresas   |9 260833 
650 0 |a Organización  |9 256369 
650 0 |a Liderazgo  |9 271835 
650 0 |a Exito en los negocios   |9 271740 
583 |a last modification  |c 19950419 00:00:00  |k Rodrigo Vera 
999 |c 232928  |d 232926 
952 |0 0  |1 0  |4 0  |6 658_401200000000000_THO_1994  |7 0  |8 A  |9 237931  |a BIBENE  |b BIBENE  |d 2019-11-18  |i 3078434  |o 658.4012 THO 1994  |p 3078434  |r 2025-01-15  |w 2019-11-18  |y BK  |k ICO 
952 |0 0  |1 0  |4 0  |6 658_401200000000000_THO_1994  |7 0  |8 A  |9 237932  |a BIBGIM  |b BIBGIM  |d 2019-11-18  |i 3146162  |o 658.4012 THO 1994  |p 3146162  |r 2025-01-15  |w 2019-11-18  |y BK  |k COM 
952 |0 0  |1 0  |4 0  |6 658_401200000000000_THO_1994  |7 0  |8 A  |9 237933  |a BIBENE  |b BIBENE  |d 2019-11-18  |i 3206084  |o 658.4012 THO 1994  |p 3206084  |r 2025-01-15  |w 2019-11-18  |y BK  |k ICO 
952 |0 0  |1 0  |4 0  |6 658_401200000000000_THO_1994  |7 0  |8 A  |9 237934  |a BIBING  |b BIBING  |d 2019-11-18  |i 3225151  |o 658.4012 THO 1994  |p 3225151  |r 2025-01-20  |w 2019-11-18  |y BK  |k EII 
952 |0 0  |1 0  |4 0  |6 658_401200000000000_THO_1994  |7 0  |8 A  |9 237935  |a BIBING  |b BIBING  |d 2019-11-18  |i 322516K  |o 658.4012 THO 1994  |p 322516K  |r 2025-01-20  |w 2019-11-18  |y BK  |k EII 
952 |0 0  |1 0  |4 0  |6 658_401200000000000_THO_1994  |7 0  |8 A  |9 237936  |a BIBING  |b BIBING  |d 2019-11-18  |i 3225178  |o 658.4012 THO 1994  |p 3225178  |r 2025-01-20  |w 2019-11-18  |y BK  |k EII 
952 |0 0  |1 0  |4 0  |6 658_401200000000000_THO_1994  |7 0  |8 A  |9 237937  |a BIBING  |b BIBING  |d 2019-11-18  |i 3225186  |o 658.4012 THO 1994  |p 3225186  |r 2025-01-20  |w 2019-11-18  |y BK  |k EII